|
|
|
|
| LEADER |
00000nam a22000007i 4500 |
| 001 |
IT\ICCU\RL1\0022950 |
| 003 |
ItRI |
| 005 |
20260115232057.0 |
| 008 |
190419s2019 it |||||| ||||| |||||c |
| 020 |
|
|
|a 9788832756548
|
| 040 |
|
|
|b ita
|c importazione bologna sebina
|
| 041 |
|
7 |
|a ita
|2 ISO-639-2
|
| 082 |
|
|
|a 741.5952
|9 RACCOLTE DI VIGNETTE, CARICATURE, FUMETTI. Giappone
|2 21
|
| 100 |
1 |
|
|a Tamaki, Mariko
|0 IT\ICCU\UBOV\374050
|4 aut
|
| 240 |
1 |
0 |
|a Skim
|3 IT\ICCU\PUV\1197922
|9 Tamaki, Mariko
|
| 245 |
1 |
0 |
|a Skim /
|c Mariko Tamaki, Jillian Tamaki.
|
| 260 |
|
|
|a Milano :
|b BD,
|c 2019
|
| 300 |
|
|
|a 1 v. (senza paginazione) :
|b fumetti ;
|c 25 cm
|
| 500 |
|
|
|a Traduzione di Alberto Schiavone
|
| 700 |
1 |
|
|a Schiavone, Alberto
|0 IT\ICCU\LO1V\346840
|4 trl
|
| 700 |
1 |
|
|a Tamaki, Jillian
|0 IT\ICCU\UBOV\374051
|4 ill
|
| 942 |
|
|
|2 ddc
|c BK
|n 0
|
| 952 |
|
|
|0 0
|1 0
|4 0
|6 F_741_597000000000000_TAM
|7 0
|9 19625
|a BO
|b BO
|d 2026-01-15
|i 19429
|l 0
|o F 741.597 TAM
|p BO19429
|r 2026-01-15 23:20:57
|w 2026-01-15
|x [Sebina 5] [1 v.]
|y BK
|z 1 v.
|
| 999 |
|
|
|c 16727
|d 16727
|